Marxismo del siglo XX
Spremljeno u:
| Glavni autor: | |
|---|---|
| Format: | Knjiga |
| Jezik: | španjolski |
| Izdano: |
Barcelona
Fontanella
1970
|
| Izdanje: | 1a. ed |
| Teme: | |
| Oznake: |
Dodaj oznaku
Bez oznaka, Budi prvi tko označuje ovaj zapis!
|
MARC
| LEADER | 00000nam a2200000 a 4500 | ||
|---|---|---|---|
| 001 | UCT4322 | ||
| 003 | CL-VaPUC | ||
| 008 | 961108e19700200SP |||||||||||||||||spa|d | ||
| 082 | 0 | 4 | |a 335.4 |b GAR |2 21 |
| 100 | |a Garaudy, Roger |e author |9 573992 | ||
| 245 | 1 | 0 | |a Marxismo del siglo XX |
| 250 | |a 1a. ed | ||
| 300 | |a 224 p | ||
| 942 | |c BK | ||
| 945 | |d 19961108 00:00:00 |a aalvarez | ||
| 260 | |a Barcelona |b Fontanella |c 1970 | ||
| 650 | 7 | |a MARXISMO |2 CL-VaPUC |9 373600 | |
| 650 | 7 | |a FILOSOFIA POLITICA |2 CL-VaPUC |9 373601 | |
| 650 | 0 | |a Comunismo |9 255588 | |
| 583 | |a last modification |c 19961108 00:00:00 |k Rodrigo Vera | ||
| 999 | |c 253724 |d 253722 | ||
| 952 | |0 0 |1 2 |4 0 |6 335_400000000000000_GAR_1970 |7 0 |8 A |9 274780 |a BIBTEO |b BIBTEO |d 2019-11-19 |i 2022982 |o 335.4 GAR 1970 |p 2022982 |r 2019-11-19 |w 2019-11-19 |y BK |k ICR | ||
| 952 | |0 0 |1 0 |4 0 |6 335_400000000000000_GAR_1970 |7 0 |8 A |9 274781 |a BIBHIS |b BIBHIS |d 2019-11-19 |i 1366572 |o 335.4 GAR 1970 |p 1366572 |r 2025-01-20 |w 2019-11-19 |y BK |k HIS | ||
| 952 | |0 0 |1 0 |4 0 |6 335_400000000000000_GAR_1970 |7 0 |8 X |9 274782 |a FDOBUD |b FDOBUD |d 2019-11-19 |i 107380K |o 335.4 GAR 1970 |p 107380K |r 2019-11-19 |w 2019-11-19 |y BK_X |k BUD | ||